000 002620000a22000970004500
100 1 _aLindsay, Dennis E.
245 1 0 _aMobilishing the church for mission
300 _aVol. 6, Núm 2 (1997), Páginas 147-156
773 0 _tEuropean Journal of Theology
942 _cANA
999 _c54026
_d54026